ZENTIVA má desiate narodeniny a oslavuje ich v 50 krajinách sveta

Značka Zentiva vznikla v roku 2003 spojením českej spoločnosti Léčiva so slovenskou Slovakofarmou. Príbeh značky. Pražská Zentiva, Zentiva vo svete, Zentiva na Slovensku.

Na minha lista:
Detalhes bibliográficos
Formato: Capítulo de Livro
Idioma:eslovaco
Assuntos:
Tags: Adicionar Tag
Sem tags, seja o primeiro a adicionar uma tag!

MARC

LEADER 00000naa a2200000 4500
001 0175477
005 20231109070702.0
041 0 |a slo 
044 |a SK 
245 1 0 |a ZENTIVA má desiate narodeniny a oslavuje ich v 50 krajinách sveta 
520 |a Značka Zentiva vznikla v roku 2003 spojením českej spoločnosti Léčiva so slovenskou Slovakofarmou. Príbeh značky. Pražská Zentiva, Zentiva vo svete, Zentiva na Slovensku. 
610 2 0 |a priemysel farmaceutický 
610 2 0 |a Česko 
610 2 0 |a Slovensko 
610 2 0 |a zlučovanie podnikov